000 00602nam a2200193 i 4500
001 140101
003 ES-MaACL
005 20251114150619.0
007 t|
008 070214s1963 sp r ||||1| spa d
100 1 _aSède, Gérard de.
_9105066
245 1 4 _aLos templarios están aquí /
_cGérard de Sede ; [versión española de Miguel Giménez Sales].
260 _aBarcelona :
_bBruguera,
_c1963.
300 _a285 p. ;
_c24 cm.
610 2 4 _aOrden del Temple.
_96041
700 1 _aGiménez Sales, Miguel,
_d1922-
_957067
852 _aES-MaACL
_jC-23653
_bR.52558
999 _c140101
_d140101